[Event "ICS rated blitz match"]
[Site "204.178.125.65"]
[Date "1999.08.15"]
[Round "?"]
[White "SYSTEMLORD"]
[Black "Hossa"]
[Result "0-1"]
[WhiteElo "2305"]
[BlackElo "2565"]
[Annotator "Fritz 5.32 (19s)"]
[PlyCount "34"]
[EventDate "1999.??.??"]

1. e3 1... g6 {Opening = 1.---} 2. g3 (2. e4 2... c6 $11) 2... d5 3. b3 e5 4.
Bb2 Bg7 5. f4 f6 6. fxe5 fxe5 7. Bg2 Ne7 8. Qe2 Nbc6 9. c3 $17 {
Ueberdeckt b4+d4} (9. e4 $5 $15) 9... e4 10. Ba3 (10. d3 exd3 11. Qxd3 11...
Ne5 $17) 10... Ne5 {Schwarz fuehrt die Partie kraftvoll zu Ende} 11. Bxe7 $2 (
11. Nh3 $142 11... Nd3+ 12. Kd1 $19) 11... Qxe7 12. b4 (12. Bh3 {
die letzte Gegenchance} 12... Nd3+ 13. Kf1 O-O+ 14. Kg2 Rf2+ 15. Qxf2 Nxf2 16.
Kxf2 Bxh3 17. Nxh3 Qf6+ 18. Ke1 $19) 12... Bg4 $1 {nun ist alles klar} 13. Nf3
(13. Qf1 {lenkt den Gegner vielleicht noch ab} 13... Nd3+ 14. Qxd3 exd3 15. Nf3
$19) 13... exf3 14. Bxf3 Nxf3+ 15. Qxf3 Bxf3 16. Rf1 O-O 17. d4 (17. a3 {
macht keinen grossen Unterschied} 17... Be4 18. Rf4 g5 19. Kd1 gxf4 20. exf4
Bd3 21. h3 Rae8 22. Kc1 Qe1+ 23. Kb2 Qd1 24. a4 Qc2+ 25. Ka3 Qc1+ 26. Ka2 Bc4#)
17... Qxe3# 0-1

[Event "ICS rated blitz match"]
[Site "204.178.125.65"]
[Date "1999.08.15"]
[Round "?"]
[White "Hossa"]
[Black "SYSTEMLORD"]
[Result "1-0"]
[WhiteElo "2566"]
[BlackElo "2274"]
[Annotator "Fritz 5.32 (19s)"]
[PlyCount "77"]
[EventDate "1999.??.??"]

1. e4 1... e6 {Opening = C00 - 2.---} 2. d4 d6 3. Bd3 Nd7 4. Ne2 Ne7 5. c4 h6
6. O-O b6 7. Nbc3 a6 8. Be3 Bb7 9. b4 g6 10. f4 Bg7 11. a4 Nc6 12. Qb3 Ne7 13.
a5 {Weiss erobert Raum} 13... bxa5 14. Rxa5 {
Von a5 entfaltet der Turm einige Wirkung} 14... c6 {Deckt b5+d5} 15. e5 $11 {
Raumvorteil} (15. Rfa1 15... O-O $16) 15... d5 $14 (15... dxe5 16. Ne4 exd4 17.
Nd6+ Kf8 18. Bxd4 $11) 16. Rfa1 Qc7 17. cxd5 exd5 18. f5 $14 (18. b5 $5 $16)
18... Nxf5 19. Bxf5 gxf5 20. Rc1 20... Rg8 $16 (20... Qb6 $5 $14 {
ist zu ueberlegen}) 21. Nxd5 Qd8 22. Ndf4 22... f6 $4 $18 {
macht die Sache nur schlimmer} (22... Nb6 $16 $142) 23. Qxg8+ Bf8 24. Ne6 {
Droht Matt: Ng7} 24... Qe7 25. Qg6+ Qf7 26. Nc7+ Ke7 27. Qxf7+ Kxf7 28. e6+ Ke7
29. Nxa8 Kxe6 30. Nc7+ Ke7 31. Nxa6 Bxa6 32. Rxa6 h5 33. Raxc6 Kf7 34. Rc7 Ke6
35. Nf4+ Ke7 36. Ng6+ Kf7 (36... Ke8 {holt die Kuh nicht vom Eis} 37. Nxf8 Nxf8
38. Rg7 Ne6 39. Rc8+ Nd8 40. d5 f4 41. Bc5 f3 42. Re7+ Kf8 43. Rxd8#) 37. Rxd7+
(37. Nxf8 Kxf8 38. Rxd7 Ke8 39. Rg7 Kd8 40. Ra1 h4 41. Ra8#) 37... Kxg6 38. Rc8
(38. Bf4 Bh6 39. Rcc7 Bxf4 40. Rg7+ Kh6 41. Rh7+ Kg5 42. Rcg7+ Kh4 43. g3+ Bxg3
44. hxg3+ Kh3 45. Rxh5#) 38... Bxb4 39. Rg8# 1-0

[Event "ICS rated blitz match"]
[Site "204.178.125.65"]
[Date "1999.08.15"]
[Round "?"]
[White "rotov"]
[Black "Hossa"]
[Result "0-1"]
[WhiteElo "2143"]
[BlackElo "2567"]
[PlyCount "59"]
[EventDate "1999.??.??"]

1. e4 c5 2. Nf3 d6 3. d4 cxd4 4. Nxd4 Nf6 5. Nc3 a6 6. Bc4 Nxe4 7. Bxf7+ Kxf7
8. Nxe4 Kg8 9. O-O d5 10. Ng3 e5 11. Nf3 Bg4 12. h3 Bxf3 13. Qxf3 Nc6 14. Qf5
Qd6 15. Rd1 g6 16. Qd3 Rd8 17. Qb3 Qb4 18. Qf3 Qc5 19. c3 Rd6 20. Be3 Qc4 21.
b3 Qxc3 22. Rac1 Qa5 23. Rc5 e4 24. Qe2 Qd8 25. Bf4 Rd7 26. Rc2 Nb4 27. Rcd2
Nd3 28. Be3 Qh4 29. Rxd3 exd3 30. Qxd3 {rotov resigns} 0-1

[Event "ICS rated blitz match"]
[Site "204.178.125.65"]
[Date "1999.08.15"]
[Round "?"]
[White "Hossa"]
[Black "rotov"]
[Result "1-0"]
[WhiteElo "2570"]
[BlackElo "2139"]
[PlyCount "47"]
[EventDate "1999.??.??"]

1. d4 f5 2. c4 Nf6 3. Nc3 g6 4. f3 Bg7 5. Bg5 O-O 6. e3 d6 7. Qd3 Qe8 8. Nb5
Na6 9. O-O-O c6 10. Nc3 e5 11. dxe5 dxe5 12. Qd6 Qe6 13. Be2 Re8 14. e4 f4 15.
c5 h6 16. Qxe6+ Bxe6 17. Bxf6 Bxf6 18. Bxa6 bxa6 19. Rd6 Rac8 20. Nge2 Kf7 21.
g3 Be7 22. gxf4 Bxd6 23. cxd6 Bc4 24. d7 {rotov resigns} 1-0

[Event "ICS rated blitz match"]
[Site "204.178.125.65"]
[Date "1999.08.15"]
[Round "?"]
[White "Hossa"]
[Black "brutus"]
[Result "1-0"]
[WhiteElo "2574"]
[BlackElo "2089"]
[PlyCount "61"]
[EventDate "1999.??.??"]

1. d4 Nf6 2. c4 g6 3. Nc3 d5 4. cxd5 Nxd5 5. e4 Nxc3 6. bxc3 Bg7 7. Bb5+ c6 8.
Be2 O-O 9. Nf3 b5 10. Bg5 a6 11. Qd2 Bb7 12. Bh6 c5 13. Bxg7 Kxg7 14. d5 Nd7
15. c4 b4 16. O-O Qc7 17. Rfd1 Qd6 18. Qe3 f6 19. Rab1 a5 20. Rb2 Rfb8 21. Nd2
Ba6 22. Qh3 Nb6 23. Bf1 Na4 24. Rc2 Nc3 25. Re1 Qe5 26. Nb3 Qd6 27. Qe3 a4 28.
Nxc5 Rc8 29. Ne6+ Kh8 30. Qh6 Rg8 31. Re3 {brutus resigns} 1-0

[Event "ICS rated blitz match"]
[Site "204.178.125.65"]
[Date "1999.08.15"]
[Round "?"]
[White "brutus"]
[Black "Hossa"]
[Result "1-0"]
[WhiteElo "2087"]
[BlackElo "2576"]
[Annotator "Fritz 5.32 (19s)"]
[PlyCount "47"]
[EventDate "1999.??.??"]

1. e4 1... c5 {Opening = B84 - 6.Be2 a6 (7.0-0 ---)} 2. Nf3 d6 3. d4 cxd4 4.
Nxd4 Nf6 5. Nc3 a6 6. Be3 e6 7. Be2 7... d5 $146 (7... Qc7 8. g4 (8. f4 b5 9.
Bf3 b4 10. Na4 Bb7 11. Qd3 Nbd7 12. g4 e5 13. Ne2 exf4 14. Bxf4 Ne5 15. Bxe5
dxe5 16. O-O-O Be7 17. g5 Nd7 18. h4 Bc6 19. b3 O-O 20. Bg4 Rfd8 21. Qc4 Nb6
22. Nxb6 22... Qxb6 {Grosar A-Georgiev Ki/Altensteig GER (8) 1995/0-1 (46)})
8... d5 9. exd5 Bb4 10. dxe6 Bxc3+ 11. bxc3 Qxc3+ 12. Kf1 fxe6 13. Nb3 Nd5 14.
Qd4 Qc7 15. Bd3 Nc6 16. Qe4 Ne5 17. Bc5 Bd7 18. Re1 Nxd3 19. cxd3 Nf4 20. Nd4
Qxc5 21. Qxf4 Rf8 22. Qe4 {
Shirov,A-Ivanchuk,V/Sicilian Polugaevsky Tournament, Buenos 1994/0-1 (33)}) (
7... Be7 8. f4 Qc7 9. a4 Nc6 10. O-O O-O 11. Kh1 Re8 12. Bf3 Bd7 (12... Nxd4
13. Qxd4 e5 14. Qd2 Be6 15. f5 Bc4 16. Rfe1 Rac8 17. Bg5 b5 18. axb5 axb5 19.
Bxf6 Bxf6 20. Nd1 d5 21. Nf2 dxe4 22. Nxe4 Qb6 23. b3 Red8 24. Qa5 Qxa5 25.
Rxa5 Bd5 26. Rxb5 Bxe4 27. Bxe4 Rd2 28. c4 h5 29. c5 Rcd8 30. c6 Kh7 31. Rc5 {
1-0 Tiviakov,S-Hulak,K/Hoogovens Open Tournament, Wijk aan Zee 1995 (31)}) 13.
Nb3 Nb4 14. a5 Bc6 15. Bb6 Qc8 16. Nd4 d5 17. Nxc6 bxc6 18. e5 Nd7 19. Na4 c5
20. c3 Nc6 21. c4 d4 22. Be4 {
Hernandez,G-Tattersall,L/ESP-tt B, Oropesa del Mar ESP 1996/1-0 (41)}) 8. e5
Nfd7 9. f4 Bb4 10. Qd2 Nc5 11. Bd3 Na4 12. O-O $17 (12. a3 $5 $142 {
muss erwogen werden} 12... Bxc3 13. bxc3 $15) 12... Nxb2 13. Rab1 Qa5 14. Nde2
Na4 15. Rb3 Nxc3 (15... Nc5 $5 16. Bxc5 Bxc5+ 17. Kh1 17... O-O $17) 16. Nxc3
16... O-O $15 (16... Nc6 17. a3 Bxc3 18. Rxc3 $15) 17. Rf3 $17 (17. a3 $5 {
muss beachtet werden} 17... Bc5 18. Bxc5 Qxc5+ 19. Rf2 $17) 17... Nd7 18. Qf2
$4 $19 {vergroessert seine Probleme} (18. a3 $142 18... Bxa3 19. Nxd5 Qxd2 20.
Bxd2 Bc5+ 21. Ne3 $17) 18... Bxc3 19. Qh4 {Mit der Mattdrohung Qxh7} 19... h6
20. Rg3 {Droht Matt} 20... Kh8 $4 $11 {vergibt den sicheren Gewinn} (20... f5
$142 {ist der schnellste Weg} 21. Qxh6 21... Rf7 $19) 21. f5 $4 $19 {
wirft den Vorteil weg} (21. Rxg7 $1 $142 {ist die einzige Rettung} 21... Kxg7
22. Qg3+ Kh8 23. Qh4 $11) 21... Bxe5 (21... Nxe5 22. Bxh6 Ng6 23. fxg6 fxg6 24.
Bxg7+ Kxg7 25. Qe7+ Rf7 26. Rxg6+ Kh8 27. Qe8+ Rf8 28. Qxf8+ Kh7 29. Rxe6#) 22.
Bxh6 {Es droht Matt} 22... Bxg3 $4 $11 {vergibt den Vorteil} (22... Qe1+ 23.
Bf1 Bxg3 24. Rxg3 Qxg3 25. hxg3 exf5 26. Bxg7+ Kxg7 27. Qg5+ Kh8 28. Qh5+ Kg8
29. Qg5+ Kh7 30. Qh5+ Kg7 31. Qg5+ Kh7 32. Qh5+ Kg7 33. Qg5+ $11) 23. Bxg7+ Kg8
(23... Kxg7 {macht keinen grossen Unterschied} 24. f6+ $1 {
ein unangenehmes Schach} 24... Nxf6 25. Qg5+ Kh8 26. Qxf6+ Kg8 27. Qg5+ Kh8 28.
Qh6+ Kg8 29. Qh7#) 24. Qh8# 1-0

[Event "ICS rated blitz match"]
[Site "204.178.125.65"]
[Date "1999.08.15"]
[Round "?"]
[White "Hossa"]
[Black "brutus"]
[Result "1-0"]
[WhiteElo "2546"]
[BlackElo "2117"]
[Annotator "Fritz 5.32 (19s)"]
[PlyCount "63"]
[EventDate "1999.??.??"]

1. d4 1... Nf6 {Opening = D85 - 4.cd5 Nd5 5.e4 Nc3 6.bc3 Bg7 7.---} 2. c4 g6 3.
Nc3 d5 4. cxd5 Nxd5 5. e4 Nxc3 6. bxc3 Bg7 7. Bb5+ c6 8. Be2 (8. Ba4 a5 (8...
O-O 9. Ne2 c5 10. O-O Nc6 11. Be3 Na5 12. Rb1 Nc4 13. Bg5 Qc7 14. Qc1 Rd8 15.
Rd1 b6 16. Bb5 Na5 17. Qe3 Bd7 18. Bxe7 Re8 19. Bxd7 Qxd7 20. Bg5 Qa4 21. Ng3
Qxa2 22. Bh6 cxd4 23. cxd4 Nc4 24. Qf4 Bxh6 25. Qxh6 Rad8 26. Rbc1 Qa4 27. Qg5
Kh8 28. h4 Rd6 29. h5 Ne5 30. Ra1 f6 31. Qc1 {
1-0 Leskiewicz,M-Kosmac,B/Calicut IND 1998 (31)}) 9. Ne2 b5 10. Bb3 O-O 11. O-O
a4 12. Bc2 Ba6 13. Re1 Nd7 14. e5 e6 15. Ng3 c5 16. Ne4 Qc7 17. Ba3 Rfd8 18.
Bxc5 Nxc5 19. Nxc5 Qa5 20. Qd2 Rac8 21. Qe3 Bf8 22. Ne4 22... Bb7 {
Atalik,S-Alterman,B/3rd TCN Cup, Beijing CHN 1997/1-0 (42)}) 8... b5 $146 (8...
O-O 9. Nf3 c5 10. h3 Nc6 11. Be3 cxd4 12. cxd4 b6 13. O-O e6 14. Rc1 Bb7 15. a3
Qd6 16. Qd3 Rfd8 17. Rfd1 17... Rac8 {
1-0 Askarov,M-Pashikian,A/EuYouth U10 Boys, Tallinn EST 1997 (17)}) 9. Nf3 a6
10. O-O Bb7 11. Qc2 O-O 12. Be3 Nd7 13. Bg5 Re8 14. Rfd1 Qb6 15. a4 e6 16. e5
Qc7 17. Qd2 Nb6 18. axb5 cxb5 19. Bh6 Bh8 20. Ng5 20... Nc4 {
Der schwarze Springer auf dem Vorposten c4} 21. Bxc4 Qxc4 22. Qf4 {Droht Matt}
22... Re7 23. Rdc1 Rc7 24. f3 {Verwehrt dem Gegner e4} 24... Bd5 25. Ne4 {
Es droht Matt} 25... Bxe4 26. Qxe4 ({Schwaecher scheint} 26. fxe4 26... b4 $17)
26... Raa7 27. Qh4 {Droht Matt} 27... Ra8 $16 (27... Rc8 $5 $142 {
sieht noch spielbar aus} 28. Qf4 28... a5 $11) 28. Rxa6 $1 {
bleibt am Druecker. Mit der Mattdrohung Rxa8} 28... Rac8 29. Rd6 {
Droht Matt: Rd8} 29... Bg7 $4 {fuehrt zu weiterem Ungemach} (29... Re8 $142 30.
Rd8 Rc8 31. Rxe8+ 31... Rxe8 $16) 30. Rd8+ Bf8 31. Rxf8+ $1 {glaenzend gespielt
} 31... Rxf8 32. Qf6 $1 {kraeftig gespielt} (32. Qf6 Qxd4+ 33. Kh1 Qxe5 34.
Qxe5 f6 35. Qxc7 Rf7 36. Qd8+ Rf8 37. Qxf8#) 1-0

[Event "ICS rated blitz match"]
[Site "204.178.125.65"]
[Date "1999.08.15"]
[Round "?"]
[White "Hossa"]
[Black "SuperChicken"]
[Result "0-1"]
[WhiteElo "2550"]
[BlackElo "2676"]
[PlyCount "112"]
[EventDate "1999.??.??"]

1. d4 d5 2. c4 e6 3. Nc3 Nf6 4. cxd5 Nxd5 5. e4 Nf6 6. Nf3 Bb4 7. Bg5 Nbd7 8.
Rc1 h6 9. Bxf6 Qxf6 10. a3 Ba5 11. b4 Bb6 12. Nb5 O-O 13. Nxc7 Rb8 14. Rc4 Qe7
15. Bd3 Nf6 16. Nb5 Bd7 17. Nc3 Rbc8 18. O-O Rxc4 19. Bxc4 Rc8 20. Qd3 Be8 21.
Rc1 Ng4 22. Ne2 Nf6 23. Ne5 Nd7 24. Qg3 Nxe5 25. dxe5 Qd8 26. Qb3 Qg5 27. Qb2
Qh4 28. Ng3 Qf4 29. Kh1 Bd4 30. Qb1 Bxf2 31. Ne2 Qxe5 32. Bd3 Rxc1+ 33. Qxc1
Bc6 34. Qf1 Bb6 35. Ng3 a6 36. Qb1 Bc7 37. Bc2 Qc3 38. Ne2 Qxa3 39. Nd4 Be8 40.
Bb3 Qxb4 41. Nxe6 Ba5 42. Nf4 Ba4 43. Ba2 Qd2 44. Nh3 b5 45. Bd5 Bd1 46. Ng1
Bb6 47. Nf3 Qe2 48. h4 Be3 49. Ba2 Qf1+ 50. Kh2 Bf4+ 51. Kh3 h5 52. Bxf7+ Kxf7
53. Qa2+ Kf8 54. Qf7+ Kxf7 55. e5 Qh1+ 56. Nh2 56... Qxh2# {Hossa checkmated}
0-1

[Event "ICS rated blitz match"]
[Site "204.178.125.65"]
[Date "1999.08.15"]
[Round "?"]
[White "Hossa"]
[Black "Talmoves"]
[Result "0-1"]
[WhiteElo "2538"]
[BlackElo "2522"]
[Annotator "Fritz 5.32 (30s)"]
[PlyCount "76"]
[EventDate "1999.??.??"]

1. d4 1... Nf6 {Opening = D60 - 7.---} 2. c4 e6 3. Nf3 d5 4. Bg5 Be7 5. Nc3 O-O
6. e3 Nbd7 7. Bd3 c6 8. Qc2 dxc4 9. Bxc4 Nd5 (9... b5 10. Bd3 a6 11. a4 Bb7 12.
O-O h6 13. Bxf6 Nxf6 14. Rfd1 Qb6 15. Ne5 Rfd8 16. Ne4 Nxe4 17. Bxe4 Rac8 18.
Qe2 f5 19. Qh5 Bf6 20. Qf7+ Kh8 21. Bf3 Re8 22. axb5 axb5 23. Bh5 {
1-0 Remon,A-Veliz,E/Mexico City 1991/TD 91\09 (23)}) 10. Bxe7 Qxe7 11. Bd3 $146
(11. O-O Re8 (11... Nxc3 12. Qxc3 c5 13. Rfd1 cxd4 14. Nxd4 Nf6 15. Rac1 e5 16.
Nf3 Bg4 17. Be2 Rac8 18. Qe1 Qe6 19. b3 Rxc1 20. Rxc1 Rc8 21. Bc4 Qf5 22. Nh4
Qh5 23. g3 g5 24. Nf3 Rxc4 25. Rxc4 Bxf3 26. h4 Bc6 27. Rxc6 bxc6 28. hxg5 Ng4
29. Qd2 Qh2+ 30. Kf1 Qh1+ 31. Ke2 Qg2 32. Qe1 e4 33. b4 Qf3+ 34. Kd2 Qxf2+ 35.
Qxf2 Nxf2 36. Kc3 Kf8 37. Kd4 Ke7 38. Ke5 Nd3+ 39. Kxe4 Nxb4 40. a4 Ke6 41. g4
41... c5 {0-1 Kraus,U-Pfeiffer,R/RLPF-chC Hauenstein 1991/GER 05 (41)}) 12.
Rad1 Nxc3 13. Qxc3 b6 14. Ne5 Bb7 15. Nxd7 15... Qxd7 {
- De la Rocha,R-Torrecillas,A/Zaragoza Casablanca 1992/TD 92\09 (15)}) (11.
Nxd5 exd5 12. Bd3 Nf6 13. Ne5 Ne4 14. O-O-O f6 15. Nf3 Re8 16. Kb1 Be6 17. Bxe4
dxe4 18. Nd2 Bf7 19. Rc1 Qe6 20. b3 a5 21. Kb2 a4 22. Nc4 b5 23. Nd2 Ra6 24.
Ra1 f5 25. Qc5 25... Qf6 {Homann,S-Karsten,H/Kassel op 1994/GER 08/1-0 (41)})
11... N7f6 12. a3 Kh8 13. Ne5 Nd7 14. Nxd7 Bxd7 15. Bxh7 f5 16. Bg6 Qg5 17.
Bxf5 exf5 18. O-O f4 19. Nxd5 cxd5 20. exf4 Rxf4 21. Qd3 Rg4 22. g3 Rf8 23. Qc3
Rgf4 24. f3 Bh3 25. Rf2 R4f6 26. Re1 Rf5 27. f4 Qg6 28. Qa5 a6 29. Qc7 R5f6 30.
Qxb7 Re8 31. Rc1 Rc6 32. Ra1 Re3 33. Qa8+ Kh7 34. Rd2 Rxg3+ 35. hxg3 Qxg3+ 36.
Kh1 Rh6 37. Qxd5 Bf5+ 38. Rh2 Rxh2# (38... Qxh2# $6 $11) 0-1

[Event "ICS rated blitz match"]
[Site "204.178.125.65"]
[Date "1999.08.15"]
[Round "?"]
[White "Talmoves"]
[Black "Hossa"]
[Result "1/2-1/2"]
[WhiteElo "2539"]
[BlackElo "2521"]
[Annotator "Fritz 5.32 (15s)"]
[PlyCount "130"]
[EventDate "1999.??.??"]

1. c4 1... Nf6 {Opening = D37 - 4.Nf3 ---} 2. Nf3 e6 3. d4 d5 4. Nc3 Ne4 5. e3
(5. Bf4 g5 6. Be3 Be7 7. Nd2 Nd6 8. f3 Nf5 9. Bf2 c5 10. dxc5 d4 11. Nce4 b6
12. Nd6+ Bxd6 13. cxd6 Qxd6 14. Ne4 Qe5 15. Qd2 Bb7 16. g4 Ne3 17. Nd6+ Qxd6
18. Bxe3 Nc6 19. Bxg5 19... e5 {
Izeta Txabarri,F-Rojas,N/ESP-ch 1993/TD/1-0 (61)}) (5. Qc2 Bb4 6. Bd2 Nxd2 7.
Nxd2 O-O 8. e3 c5 9. a3 Bxc3 10. bxc3 cxd4 11. cxd4 Nc6 12. Bd3 b6 13. O-O e5
14. cxd5 Qxd5 15. Be4 Qd7 16. d5 Nd8 17. Nc4 f5 18. Bf3 e4 19. Be2 19... b5 {
Tomecek,J-Kufa,P/CZE 1998/EXT 99/ - (47)}) 5... Bb4 $146 (5... Nd7 6. Bd3 Nxc3
7. bxc3 Bd6 (7... Be7 8. O-O O-O 9. cxd5 exd5 10. Qc2 h6 11. c4 dxc4 12. Bxc4
c5 13. Bb2 Qc7 14. Rac1 a6 15. dxc5 Kh8 16. c6 Qxc6 17. Nd4 Qc5 18. Qe2 Qa5 19.
Nb3 Qg5 20. f4 Qh4 21. e4 Nc5 22. Nd4 {
Pavlov Pianov,N-Romanovsky,P/Moscow 1920/URS-ch/1-0 (60)}) 8. e4 dxe4 9. Bxe4
c6 10. O-O Nf6 11. Bd3 h6 12. Bd2 O-O 13. Re1 c5 14. Qe2 b6 15. Rad1 Ba6 16.
Ne5 Re8 17. Bc1 Qc7 18. f4 cxd4 19. cxd4 Bb4 20. Bd2 {
Vidmar,M-Duras,O/San Sebastian 1911/HCL/1-0 (54)}) (5... Bd6 6. Bd3 f5 7. cxd5
Nxc3 8. bxc3 exd5 9. Qb3 c6 10. c4 Be7 11. O-O O-O 12. Ne5 Kh8 13. Rb1 Nd7 14.
cxd5 Nxe5 15. dxe5 Qxd5 16. Qxd5 cxd5 17. Bd2 Rb8 18. Rfc1 Kg8 19. Kf1 g6 20.
Rb5 {Filip,M-Pfeiffer,G/Amsterdam 1954/MCD/1-0 (37)}) 6. Qc2 c5 7. Bd3 f5 8.
O-O O-O (8... cxd4 9. exd4 Nc6 10. Be3 $14 (10. Bxe4 $143 10... dxe4 (10...
fxe4 $6 11. Ne5 $11) 11. Ne5 11... Qxd4 $17)) 9. cxd5 ({Schwaecher scheint} 9.
Bxe4 9... fxe4 10. Ne5 10... Nc6 $11) (9. Nxe4 fxe4 10. Bxe4 dxe4 11. Qxe4
11... Qf6 $17) 9... Bxc3 10. bxc3 exd5 11. c4 cxd4 12. cxd5 dxe3 (12... Qxd5 $4
{der kann natuerlich nicht genommen werden} 13. Bc4 $1 {glaenzend gespielt} (
13. exd4 $6 {verbietet sich, da} 13... Be6 $14) (13. Nxd4 $6 {scheitert an}
13... Nd6 $14) 13... Be6 14. Bxd5 Bxd5 15. Ba3 $18) 13. Bxe3 (13. Bxe4 fxe4 14.
Qxe4 14... Re8 $11) 13... Nd7 (13... Qxd5 $4 {vergiftet...} 14. Bc4 Be6 15.
Bxd5 Bxd5 16. Rfd1 $18) 14. Bxe4 $14 (14. Rfd1 14... Ndf6 $16) 14... fxe4 15.
Ng5 {Nun geraet Schwarz unter starken Druck.} 15... Nf6 16. d6 {
Der Freibauer marschiert} 16... Kh8 17. Qb3 17... Qxd6 $16 {
Weiss entwickelt Drohungen in der offenen d-Linie} (17... Qe8 18. f3 exf3 19.
Nxf3 $11) 18. Nf7+ Rxf7 19. Qxf7 Be6 20. Qxb7 Bd5 21. Rfd1 Qxh2+ (21... Bxb7 $2
{ist verfuehrerisch, aber} 22. Rxd6 a5 23. a4 $18) 22. Kxh2 Bxb7 23. Bd4 a5 24.
Bxf6 gxf6 25. Rd7 Ba6 26. Rc1 Bb5 27. Re7 Be8 28. Rxe4 a4 (28... Kg7 29. a4 $18
) 29. Rc7 Bg6 30. Ree7 Bb1 31. Rb7 (31. a3 $5 $142 {
und Weiss haette es noch leichter} 31... Bg6 $18) 31... Bxa2 32. Rxh7+ Kg8 33.
Rbg7+ Kf8 34. Ra7 {Es droht Matt} 34... Rxa7 35. Rxa7 Bb3 36. g4 Bd1 37. Kg3
Ke8 38. f4 Bc2 39. g5 fxg5 40. fxg5 {g5 wird ein starker Freibauer werden}
40... Kd8 41. Kf4 Kc8 42. Ke5 Kb8 43. Ra5 Kb7 44. Rc5 Bg6 45. Kf6 Kb6 46. Rc4
Be8 47. Rc1 (47. Re4 $5 {erleichterte Weiss die Gewinnfuehrung} 47... Bb5 48.
Re3 48... Bc4 $18) 47... Kb5 48. Re1 Bh5 49. Re5+ Kb4 50. Re4+ Kb3 51. Rh4 Be8
52. Rh8 Bc6 53. Rb8+ Kc4 54. g6 a3 55. Rc8 (55. g7 $5 $142 {
gibt noch groesseren Vorteil} 55... Bd5 56. Ke5 56... Bf7 $18) 55... Kc5 56.
Rd8 a2 57. Rd1 Bd5 58. g7 Kb4 59. Ke7 Bb3 60. Rg1 60... Kc3 $4 {
ein Ende mit Schrecken} (60... Ka3 $18 $142) 61. Kf8 $16 (61. Rg3+ Kc2 62. Rxb3
Kxb3 63. g8=Q+ Kb2 64. Qg2+ Kb1 65. Qd2 a1=Q 66. Qd3+ Kc1 67. Qf1+ Kb2 68. Qf6+
Kb1 69. Qg6+ Kb2 70. Qg7+ Ka2 71. Qg8+ Ka3 72. Qa8+ Kb2 73. Qh8+ Ka2 74. Qh5
Qg1 75. Qf3 Kb2 76. Qd3 Qg8 77. Kf6 Qe8 78. Qc4 Qe3 79. Kf5 Qe7 80. Kg6 Qe5 81.
Qd3 Qe6+ 82. Kg5 Qf7 83. Kg4 Qf6 84. Qc4 Kb1 85. Qe2 Kc1 86. Kg3 Qf5 87. Kh4
Qf4+ 88. Kh3 Kb1 89. Kg2 Kc1 90. Kg1 Qd2 91. Qxd2+ Kxd2) 61... Kb2 62. Rg2+ $11
(62. Ke8 $5 $16 $142) 62... Kc1 $16 (62... Kc3 $5 63. Rxa2 63... Bxa2 $11) 63.
Rg1+ $11 (63. Ke7 $5 $16 $142) 63... Kb2 64. Rg2+ $11 (64. Re1 $5 $16 $142)
64... Kc1 65. Rg1+ $11 (65. Ke7 $5 $16 $142) 65... Kb2 1/2-1/2

[Event "ICS rated blitz match"]
[Site "204.178.125.65"]
[Date "1999.08.15"]
[Round "?"]
[White "Talmoves"]
[Black "Hossa"]
[Result "1-0"]
[WhiteElo "2494"]
[BlackElo "2524"]
[Annotator "Fritz 5.32 (15s)"]
[PlyCount "145"]
[EventDate "1999.??.??"]

1. e4 1... c5 {Opening = B56 - 5.Nc3(Nc6 6.---)} 2. Nf3 d6 3. d4 cxd4 4. Nxd4
Nf6 5. Nc3 e5 6. Bb5+ Bd7 7. Bxd7+ Qxd7 8. Nf5 Nxe4 9. Nxe4 {
Der rueckstaendige d6 wird zum Brennpunkt} 9... Qxf5 10. Nxd6+ Bxd6 11. Qxd6
Nc6 12. Be3 Qxc2 13. O-O Rd8 14. Qa3 Qd3 15. Qa4 $146 (15. b3 f6 16. Rac1 Kf7
17. Bxa7 Ra8 18. Rfd1 Rxa7 19. Qc5 Qf5 20. Qc4+ Kg6 21. Rd3 h6 22. Rg3+ Kh7 23.
Rf3 Qg6 24. Rg3 Qe8 25. Qe4+ g6 26. b4 Rg8 27. Rh3 Rxa2 28. b5 Ne7 29. Qxb7 Rg7
30. Qe4 Nf5 31. Rb1 Qa8 32. Qe1 Qa5 33. Qe4 Qd2 34. Rf3 Rc2 35. g4 35... Rc1+ {
0-1 Garcia,H-Molteni,O/Buenos Aires 1966/MCD (35)}) 15... Qe2 $11 (15... O-O $5
$17) 16. Rfe1 Qxb2 17. Rab1 Qc3 18. Rec1 Qa5 19. Qxa5 Nxa5 20. Bxa7 Ra8 21. Be3
Kd7 22. Rb5 Kd6 23. Rb6+ Kd7 24. Rc5 Rhc8 25. Rd5+ Ke8 26. Rxe5+ Kf8 27. Bc5+
Kg8 28. Rd5 Rd8 29. Rxd8+ 29... Rxd8 {Droht Matt} 30. Kf1 Ra8 31. a3 Rb8 32.
Rb5 Nc4 33. a4 33... b6 $16 (33... f6 $5 $14 {muss beachtet werden}) 34. Rb4
34... Re8 {Mit der Mattdrohung Nd2} 35. Rxc4 (35. Bxb6 $4 {ein boeser Fehlgriff
} 35... Nd2+ 36. Kg1 Re1#) 35... Rc8 36. a5 bxc5 37. a6 Kf8 38. Ke2 Ra8 39. Ra4
Ke7 40. a7 Kd7 41. Kd3 Kc6 42. Kc4 Kb6 43. Ra1 f5 44. Rb1+ Kxa7 45. Ra1+ Kb8
46. Rxa8+ Kxa8 47. Kxc5 47... g6 $18 (47... Kb7 $5 $16) 48. Kd6 48... f4 $4 {
damit ist die Partie vorbei} (48... Kb7 $18 $142) 49. f3 Kb7 50. Ke5 Kc6 51.
Kxf4 Kd5 52. Kg5 Ke5 53. h4 Ke6 54. Kh6 Kf5 55. Kxh7 (55. g3 {ist genauer}
55... Kf6 56. f4 Kf5 57. Kxh7 Kg4 58. Kxg6 58... Kxg3 $18) 55... Kf4 (55... g5
{aendert den traurigen Lauf der Dinge nicht} 56. h5 g4 57. fxg4+ Kxg4 58. Kg6
$18) 56. Kxg6 {Der Freibauer h4 wird schnell zu einer gefaehrlichen Waffe.
Weiss erhaelt Koenigsangriff} 56... Kg3 57. h5 Kf4 58. h6 Ke5 59. h7 Kf4 60.
h8=Q {Droht Matt: Qd4} 60... Kg3 (60... Ke3 {hilft allerdings auch nicht} 61.
Qc3+ Kf4 62. Qd2+ Kg3 63. Kg5 Kh2 64. Kh4 Kh1 65. Kh3 Kg1 66. Qe1#) 61. Qh3+
Kf4 (61... Kf2 {nuetzt auch nichts mehr} 62. Qe6 Kg1 63. Qe2 Kh2 64. g3+ Kg1
65. Kf5 Kh1 66. Kg4 Kg1 67. Kh3 Kh1 68. Qh2#) 62. Qh4+ $18 (62. Qe6 Kg3 63. Qe2
Kh2 64. g3+ Kg1 65. Kf5 Kh1 66. Kg4 Kg1 67. Kh3 Kh1 68. Qh2#) 62... Ke3 63.
Qe4+ Kd2 64. Kf5 {Droht Matt} 64... Kc3 65. Qe1+ (65. Kf4 Kb3 66. Ke3 Ka3 67.
Kd3 Ka2 68. Qb4 Ka1 69. Kc3 Ka2 70. Qb2#) 65... Kd4 (65... Kb2 {
hilft auch nicht mehr} 66. Qb4+ Kc2 67. Ke4 Kd1 68. Kd3 Kc1 69. g4 Kd1 70. Qd2#
) 66. f4 (66. Qb4+ Ke3 67. Qc3+ Kf2 68. Kf4 Ke2 69. Qc2+ Kf1 70. Qd2 Kg1 71.
Kg3 Kf1 72. Qf2#) 66... Kd5 (66... Kc4 {aendert nichts mehr} 67. Ke6 Kb3 68.
Kd5 Ka2 69. Qd2+ Ka1 70. Kd4 Kb1 71. Kc3 Ka1 72. Qb2#) 67. g4 (67. Qb4 Kc6 68.
Ke6 Kc7 69. Qb5 Kc8 70. Kd6 Kd8 71. Qd7#) 67... Kd6 (67... Kc4 {
waere gleichermassen fruchtlos} 68. Qa5 Kb3 69. Ke4 Kc4 70. Qc7+ Kb3 71. Kd3
Ka3 72. Kc3 Ka4 73. Qb6 Ka3 74. Qb3#) 68. Qe5+ (68. Qb4+ Kc7 69. Ke5 Kc6 70.
Qa5 Kd7 71. Qb6 Ke7 72. Qc7+ Kf8 73. Kf6 Kg8 74. Qg7#) 68... Kd7 (68... Kc6 {
holt die Kuh nicht vom Eis} 69. Qa5 Kb7 70. Qb5+ Ka7 71. Ke5 Ka8 72. Kd5 Ka7
73. Kc6 Ka8 74. Qb7#) 69. g5 (69. Qc5 Ke8 70. Ke6 Kd8 71. g5 Ke8 72. Qe7#)
69... Kc8 (69... Kc6 {macht keinen grossen Unterschied} 70. g6 Kb7 71. g7 Kc6
72. g8=Q Kb7 73. Qgb8+ Kc6 74. Qed6#) 70. Qe7 $18 (70. Qb5 Kd8 71. Qb7 Ke8 72.
Ke6 Kf8 73. Qf7#) 70... Kb8 71. g6 Kc8 72. g7 Kb8 73. g8=R# (73. g8=Q#) 1-0